North American Sports Teams by State/Province - Statistics

General Stats
  • This quiz has been taken 130 times
  • The average score is 101 of 123
Answer Stats
Hint Answer % Correct
Ohio Cincinnati Reds
96%
California Los Angeles Kings
96%
New York New York Giants
96%
New York New York Jets
96%
California Sacramento Kings
96%
California San Francisco Giants
96%
Manitoba Winnipeg Jets
96%
Alberta Edmonton Oilers
94%
Florida Jacksonville Jaguars
94%
Arizona Arizona Cardinals
91%
Arizona Arizona Diamondbacks
91%
Maryland Baltimore Ravens
91%
Massachusetts Boston Red Sox
91%
North Carolina Carolina Panthers
91%
Illinois Chicago Bears
91%
Florida Florida Panthers
91%
California Los Angeles Lakers
91%
Louisiana New Orleans Saints
91%
Missouri St. Louis Cardinals
91%
Florida Tampa Bay Buccaneers
91%
British Columbia Vancouver Canucks
91%
Massachusetts Boston Bruins
89%
Alberta Calgary Flames
89%
Michigan Detroit Lions
89%
Maryland Baltimore Orioles
87%
Illinois Chicago Cubs
87%
Illinois Chicago White Sox
87%
Colorado Colorado Avalanche
87%
Colorado Denver Nuggets
87%
California Los Angeles Angels
87%
Florida Miami Dolphins
87%
Florida Miami Heat
87%
Minnesota Minnesota Vikings
87%
Massachusetts New England Patriots
87%
New York New York Rangers
87%
New York New York Yankees
87%
Texas Texas Rangers
87%
California Anaheim Ducks
85%
Georgia Atlanta Braves
85%
Georgia Atlanta Falcons
85%
Massachusetts Boston Celtics
85%
Illinois Chicago Blackhawks
85%
Ohio Cincinnati Bengals
85%
Ohio Cleveland Browns
85%
Colorado Colorado Rockies
85%
Indiana Indiana Pacers
85%
Indiana Indianapolis Colts
85%
California Los Angeles Chargers
85%
California Los Angeles Clippers
85%
California Los Angeles Dodgers
85%
California Los Angeles Rams
85%
Minnesota Minnesota Wild
85%
Florida Orlando Magic
85%
Arizona Phoenix Suns
85%
Pennsylvania Pittsburgh Steelers
85%
Tennessee Tennessee Titans
85%
District of Columbia Washington Wizards
85%
Colorado Denver Broncos
83%
Michigan Detroit Tigers
83%
California Golden State Warriors
83%
Missouri Kansas City Chiefs
83%
Québec Montreal Canadiens
83%
New York New York Mets
83%
California Oakland Athletics
83%
California Oakland Raiders
83%
Oklahoma Oklahoma City Thunder
83%
Pennsylvania Pittsburgh Penguins
83%
California San Diego Padres
83%
Ontario Toronto Raptors
83%
Arizona Arizona Coyotes
81%
Georgia Atlanta Hawks
81%
Michigan Detroit Red Wings
81%
New Jersey New Jersey Devils
81%
New York New York Islanders
81%
Ontario Ottawa Senators
81%
Oregon Portland Trail Blazers
81%
Florida Tampa Bay Lightning
81%
Florida Tampa Bay Rays
81%
Utah Utah Jazz
81%
Illinois Chicago Bulls
79%
Ohio Cleveland Cavaliers
79%
Texas Dallas Cowboys
79%
Texas Houston Texans
79%
Florida Miami Marlins
79%
New York New York Knicks
79%
Pennsylvania Philadelphia 76ers
79%
California San Francisco 49ers
79%
New York Brooklyn Nets
77%
Michigan Detroit Pistons
77%
Minnesota Minnesota Twins
77%
Louisiana New Orleans Pelicans
77%
Pennsylvania Philadelphia Eagles
77%
Pennsylvania Philadelphia Flyers
77%
California San Jose Sharks
77%
Washington Seattle Seahawks
77%
Ontario Toronto Maple Leafs
77%
District of Columbia Washington Capitals
77%
Maryland Washington Redskins
77%
Ohio Cleveland Indians
74%
Wisconsin Green Bay Packers
74%
Minnesota Minnesota Timberwolves
74%
Ontario Toronto Blue Jays
74%
District of Columbia Washington Nationals
74%
Tennessee Memphis Grizzlies
72%
Pennsylvania Philadelphia Phillies
72%
Missouri St. Louis Blues
72%
North Carolina Carolina Hurricanes
70%
North Carolina Charlotte Hornets
70%
Ohio Columbus Blue Jackets
70%
Wisconsin Milwaukee Bucks
70%
Texas San Antonio Spurs
70%
Texas Dallas Mavericks
68%
Pennsylvania Pittsburgh Pirates
68%
Washington Seattle Mariners
68%
Nevada Vegas Golden Knights
68%
New York Buffalo Bills
66%
Texas Houston Astros
66%
Texas Houston Rockets
66%
Wisconsin Milwaukee Brewers
66%
Texas Dallas Stars
64%
Missouri Kansas City Royals
64%
Tennessee Nashville Predators
64%
New York Buffalo Sabres
62%
No matching quizzes found
Score Distribution
Percent of People with Each Score
Percentile by Number Answered
Your Score History
You have not taken this quiz